000 00363nam a22001571a 4500
020 _a9788186064641
082 _aH301
_bNIT/G
100 _aNeeta Kothari
245 _aGaon ki mitti/
_cby Neeta Kothari
260 _aUdaipur:
_bAnkur,
_c2007.
300 _a126p.
650 _aStories Hindi
650 _aLiterature Hindi
650 _aLiterature
942 _cBK
999 _c15547
_d15547